[Event "ROW -team internal "]
[Site "SchemingMind.com"]
[Date "2004.08.17"]
[Round "-"]
[White "reptile"]
[Black "spoke"]
[Result "0-1"]
[WhiteCountry "ISR"]
[BlackCountry "GER"]
[WhiteElo "1836"]
[WhiteRD "89"]
[BlackElo "1720"]
[BlackRD "68"]
[GameID "3354"]

1. d4 Nf6 2. c4 g6 3. Nf3 Bg7 4. Nc3 O-O 5. e4 d6 6. Be2 e5 7. O-O Nc6 8. d5 Ne7 9. Ne1 c5 10. Nd3 a6
11. a4 Ne8 12. f4 f5 13. fxe5 fxe4 14. exd6 Rxf1+ 15. Qxf1 Nxd6 16. Nxc5 Bd4+ 17. Kh1 Bxc5 18. Qf6 Qf8 19. Qe5 Qg7 20. Qf4 Bd7
21. Nxe4 Rf8 22. Qh4 Qd4 23. Bg5 Qxe4 24. Bxe7 Rf4 25. Qh6 Qxe2 26. Qxf4 Qxe7 27. Rf1 Bf5 28. h3 Ne4 29. Rf3 Bd6 30. Qe3 Ng5
31. Qxe7 Bxe7 32. Rb3 Bc8 33. Rb6 Bc5 34. Rb3 b6 35. d6 a5 36. Rd3 Bd7 37. h4 Ne4 38. Rd5 Nxd6 39. b3 Bc6 40. Re5 Kf7
41. h5 Nf5 42. hxg6+ hxg6 43. Re1 Ne3 44. Kh2 Bxg2 45. Re2 g5 46. Kg3 Kg6 47. Kf2 g4 48. Rd2 Nxc4+
0-1

[Event "ROW -team internal "]
[Site "SchemingMind.com"]
[Date "2004.08.17"]
[Round "-"]
[White "spoke"]
[Black "reptile"]
[Result "0-1"]
[WhiteCountry "GER"]
[BlackCountry "ISR"]
[WhiteElo "1716"]
[WhiteRD "70"]
[BlackElo "1849"]
[BlackRD "99"]
[GameID "3355"]

1. e4 e5 2. Nf3 Nc6 3. Bc4 Bc5 4. c3 Bb6 5. d4 Qe7 6. O-O Nf6 7. Re1 d6 8. h3 a6 9. Na3 Bd7 10. Nc2 O-O
11. Bg5 h6 12. Bxf6 Qxf6 13. Ne3 Ba7 14. Nd5 Qd8 15. a3 Kh8 16. b4 Ne7 17. dxe5 dxe5 18. Nxe5 Be6 19. Nxe7 Qxe7 20. Bxe6 Qxe6
21. Qd5 Qf6 22. Ra2 c6 23. Ng4 Qxc3 24. Qd2 Qb3 25. Qb2 Qe6 26. Raa1= Rad8 27. Qc2 Rd4 28. Rad1 Rfd8 29. Rxd4 Rxd4 30. Nh2 c5
31. bxc5 Rc4 32. Qd3 Bxc5 33. Nf3 Ra4 34. Qc2 Qc4 35. Qxc4 Rxc4 36. Ne5 Rc2 37. Nd3 Bxa3 38. f3 b5 39. Rb1 Rc3 40. Nb4 a5
41. Nd5 b4 42. Nxc3 bxc3 43. Rb8+ Kh7 44. Rc8 Bb2
0-1

[Event "ROW -team internal "]
[Site "SchemingMind.com"]
[Date "2004.08.17"]
[Round "-"]
[White "Juan Jose Rivas Maceda"]
[Black "spoke"]
[Result "1-0"]
[WhiteCountry "PER"]
[BlackCountry "GER"]
[WhiteElo "2049"]
[WhiteRD "113"]
[BlackElo "1790"]
[BlackRD "74"]
[GameID "3371"]

1. e4 e6 2. d4 d5 3. Nd2 dxe4 4. Nxe4 Nd7 5. Nf3 Ngf6 6. Nxf6+ Nxf6 7. Bd3 Be7 8. O-O O-O 9. Ne5 b6 10. Nc6 Qd6
11. Qf3 Bd7 12. Nxe7+ Qxe7 13. Bg5 h6 14. Bh4 c5 15. dxc5 bxc5 16. Rad1 Rac8 17. Ba6 Bc6 18. Bxf6 Qxf6 19. Qxf6 gxf6 20. Bxc8 Rxc8
21. c4 f5 22. Rd6 Kf8 23. Rfd1 Ke7 24. f4 Rc7 25. b3 Rd7 26. Rxd7+ Bxd7 27. Rd3 Bc6 28. Rh3
1-0

[Event "ROW -team internal "]
[Site "SchemingMind.com"]
[Date "2004.08.17"]
[Round "-"]
[White "Juan Jose Rivas Maceda"]
[Black "reptile"]
[Result "1-0"]
[WhiteCountry "PER"]
[BlackCountry "ISR"]
[WhiteElo "2030"]
[WhiteRD "98"]
[BlackElo "1836"]
[BlackRD "89"]
[GameID "3372"]

1. e4 e5 2. Nf3 Nc6 3. Bb5 a6 4. Ba4 Nf6 5. O-O Nxe4 6. Re1 d5 7. Nxe5 Bd6 8. Qh5 O-O 9. Nxc6 Qf6 10. Qf3 Qh6
11. h3 Ng5 12. Qe3 Nxh3+ 13. gxh3 Bf4 14. Ne7+ Kh8 15. Qf3 Bxh3 16. Nxd5 Bg5 17. Ne3 f5 18. Nc3 Rf6 19. Ne2 Raf8 20. d4 b5
21. Bb3 Rg6 22. Ng3 Rgf6 23. Nd5 Rg6 24. Bxg5 Rxg5 25. Nxc7 Rg4 26. Re8 Rxe8 27. Nxe8 Qg6 28. Nd6 h5 29. Qa8+ Kh7 30. Qg8+
1-0

[Event "ROW -team internal "]
[Site "SchemingMind.com"]
[Date "2004.08.18"]
[Round "-"]
[White "spoke"]
[Black "Juan Jose Rivas Maceda"]
[Result "0-1"]
[WhiteCountry "GER"]
[BlackCountry "PER"]
[WhiteElo "1790"]
[WhiteRD "74"]
[BlackElo "2049"]
[BlackRD "113"]
[GameID "3373"]

1. e4 e5 2. Nf3 Nc6 3. Bc4 Bc5 4. d3 Nf6 5. Nc3 d6 6. Bg5 Na5 7. Nd5 c6 8. Nxf6+ gxf6 9. Be3 Bxe3 10. fxe3 Qb6
11. Bb3 Qxe3+ 12. Qe2 Qxe2+ 13. Kxe2 f5 14. Raf1 fxe4 15. dxe4 Nxb3 16. axb3 Rg8 17. g3 Bh3 18. Rf2 f5 19. exf5 Bxf5 20. Ke3 Bh3
21. Nd2 Ke7 22. Ne4 d5 23. Nc5 b6 24. Nd3 Rg4 25. Re1 Re4+ 26. Kd2 Rxe1 27. Kxe1 Re8 28. Kd2 e4 29. Nf4 d4
0-1

[Event "ROW -team internal "]
[Site "SchemingMind.com"]
[Date "2004.08.18"]
[Round "-"]
[White "reptile"]
[Black "Juan Jose Rivas Maceda"]
[Result "0-1"]
[WhiteCountry "ISR"]
[BlackCountry "PER"]
[WhiteElo "1849"]
[WhiteRD "99"]
[BlackElo "2068"]
[BlackRD "102"]
[GameID "3374"]

1. d4 Nf6 2. c4 d5 3. cxd5 Bf5 4. Nc3 Nxd5 5. Qb3 Nxc3 6. bxc3 b6 7. Nf3 e6 8. Nd2 Be7 9. e4 Bg6 10. Bd3 O-O
11. O-O c5 12. Bb2 Nc6 13. Nf3 Bh5 14. d5 Bxf3 15. gxf3 Bd6 16. Rfe1 Qg5+ 17. Kf1 Ne5 18. Bc1 Qh4 19. Re3 exd5 20. Qxd5 Rad8
21. Qb3 Be7 22. Ke2 Rxd3 23. Qa4 c4 24. Qxa7 Ng4 25. fxg4 Qxg4+ 26. f3 Qg2+
0-1

[Event "ROW -team internal "]
[Site "SchemingMind.com"]
[Date "2004.08.23"]
[Round "-"]
[White "zagor"]
[Black "spoke"]
[Result "0-1"]
[WhiteCountry "CRO"]
[BlackCountry "GER"]
[WhiteElo "1360"]
[WhiteRD "115"]
[BlackElo "1716"]
[BlackRD "70"]
[GameID "3432"]

1. e4 e5 2. Nf3 Nc6 3. Bb5 Bb4 4. c3 Ba5 5. O-O Nge7 6. d4 exd4 7. cxd4 d5 8. Bxc6+ Nxc6 9. Nc3 Bxc3 10. exd5 Qxd5
11. bxc3 O-O 12. Bf4 Bg4 13. Bxc7 Bxf3 14. Qxf3 Qxf3 15. gxf3 Rac8 16. Bd6 Rfd8 17. Bc5 b6 18. Ba3 Na5 19. Rac1 Nc4 20. Be7 Re8
21. Rfe1 f6 22. Bb4 a5 23. Be7 Kf7 24. Bxf6 gxf6 25. Re4 Nd2 26. Rxe8 Rxe8
0-1

[Event "ROW -team internal "]
[Site "SchemingMind.com"]
[Date "2004.08.23"]
[Round "-"]
[White "spoke"]
[Black "zagor"]
[Result "1-0"]
[WhiteCountry "GER"]
[BlackCountry "CRO"]
[WhiteElo "1804"]
[WhiteRD "83"]
[BlackElo "1460"]
[BlackRD "138"]
[GameID "3435"]

1. e4 c5 2. Nf3 e6 3. d4 cxd4 4. Nxd4 a6 5. Bd3 Bc5 6. Nb3 Ba7 7. Qe2 Nc6 8. Be3 Nf6 9. h3 d5 10. Bxa7 Rxa7
11. N1d2 dxe4 12. Nxe4 Nxe4 13. Qxe4 Qc7 14. O-O b5 15. Rfe1 Bb7 16. Qg4 g6 17. Nc5 Nb4 18. Qxb4
1-0

[Event "ROW -team internal "]
[Site "SchemingMind.com"]
[Date "2004.08.25"]
[Round "-"]
[White "pinochet"]
[Black "spoke"]
[Result "0-1"]
[WhiteCountry "CHI"]
[BlackCountry "GER"]
[WhiteElo "1558"]
[WhiteRD "87"]
[BlackElo "1804"]
[BlackRD "83"]
[GameID "3487"]

1. d4 d5 2. Nc3 Nf6 3. Nf3 g6 4. e3 Bg7 5. Be2 O-O 6. O-O c6 7. Bd2 Bg4 8. h3 Bxf3 9. Bxf3 Nbd7 10. Be2 e5
11. dxe5 Nxe5 12. f4 Ned7 13. Qe1 Nc5 14. f5 Nfe4 15. fxg6 fxg6 16. Nxe4 Nxe4 17. Bc3 Rxf1+ 18. Kxf1 Nxc3 19. bxc3 Qf6+ 20. Bf3 Qxc3
21. Qxc3 Bxc3 22. Rb1 b5 23. Bg4 Rf8+ 24. Kg1 Bd2 25. Bd7 Rf6 26. Rf1 Bxe3+
0-1

[Event "ROW -team internal "]
[Site "SchemingMind.com"]
[Date "2004.08.25"]
[Round "-"]
[White "pinochet"]
[Black "reptile"]
[Result "0-1"]
[WhiteCountry "CHI"]
[BlackCountry "ISR"]
[WhiteElo "1467"]
[WhiteRD "77"]
[BlackElo "1836"]
[BlackRD "89"]
[GameID "3488"]

1. d4 Nf6 2. Nf3 g6 3. Nc3 Bg7 4. e4 d6 5. d5 Bg4 6. Be2 Bxf3 7. Bxf3 c5 8. O-O Nbd7 9. Be3 O-O 10. Qd2 Re8
11. Bh6 Bh8 12. h4 Ne5 13. Be2 Qc8 14. f4 Neg4 15. Bxg4 Nxg4 16. f5 Nxh6 17. Qxh6 c4 18. fxg6 hxg6 19. Kh1 Bg7 20. Qf4 Bf6
21. Nb5 Rf8 22. Nxd6 Qc7 23. e5 Bxe5 24. Qxe5 Qxd6 25. Rae1 Qxe5 26. Rxe5 Rfe8 27. Rfe1 Kf8 28. d6 exd6 29. Rxe8+ Rxe8 30. Rxe8+ Kxe8
31. c3 b5 32. g4 Ke7 33. Kg2 Kf6 34. Kg3 Ke5 35. Kf3 a6 36. g5 a5 37. a3 d5 38. Ke3 d4+ 39. cxd4+ Kd5 40. Ke2 Kxd4
41. Kd2 b4 42. Kc2 c3 43. axb4 axb4 44. bxc3+ bxc3 45. Kc1 Ke4 46. Kc2 Kf4 47. Kxc3 Kg4 48. Kd4 Kxh4 49. Ke5 Kxg5 50. Ke4 Kg4
51. Ke5 f5
0-1

[Event "ROW -team internal "]
[Site "SchemingMind.com"]
[Date "2004.08.25"]
[Round "-"]
[White "pinochet"]
[Black "Juan Jose Rivas Maceda"]
[Result "0-1"]
[WhiteCountry "CHI"]
[BlackCountry "PER"]
[WhiteElo "1498"]
[WhiteRD "77"]
[BlackElo "2068"]
[BlackRD "102"]
[GameID "3489"]

1. d4 Nf6 2. Nc3 d5 3. e3 e6 4. Nf3 Bb4 5. Bd2 O-O 6. a3 Bxc3 7. Bxc3 Ne4 8. h4 c5 9. Bd3 Nxc3 10. bxc3 c4
11. Be2 Nd7 12. Ne5 Nxe5 13. dxe5 f6 14. f4 fxe5 15. fxe5 Qb6 16. Rh3 Rf5 17. Qd4 Qb2 18. Rd1 Qxa3 19. Rg3 Bd7 20. Bg4 Rf7
21. Rf3 Raf8 22. Rxf7 Rxf7 23. Bf3 Ba4 24. Bg4 Qe7 25. g3 Bxc2 26. Ra1 b6 27. Be2 Rf8 28. Kd2 Be4 29. Rf1 Rxf1 30. Bxf1 b5
31. Be2 Qa3 32. Bg4 Qb2+ 33. Ke1 Bd3 34. e4 b4 35. Bxe6+ Kh8 36. Bg4 bxc3 37. Qxd5 Qd2#
0-1

[Event "ROW -team internal "]
[Site "SchemingMind.com"]
[Date "2004.08.26"]
[Round "-"]
[White "spoke"]
[Black "pinochet"]
[Result "1-0"]
[WhiteCountry "GER"]
[BlackCountry "CHI"]
[WhiteElo "1804"]
[WhiteRD "83"]
[BlackElo "1558"]
[BlackRD "87"]
[GameID "3491"]

1. e4 e5 2. Nf3 Nc6 3. Bc4 h6 4. d4 Nxd4 5. Nxe5 Ne6 6. Bxe6 dxe6 7. Qxd8+ Kxd8 8. Nxf7+ Ke8 9. Nxh8 Ne7 10. Bf4 g5
11. Be5 b6 12. Nc3 c5 13. O-O-O Ba6 14. Rd2 Rd8 15. Rxd8+ Kxd8 16. Nf7+ Ke8 17. Nd6+ Kd7 18. Rd1 Ng6 19. Ndb5+ Ke7 20. Bd6+ Kf7
21. Nxa7 Nf4 22. Bxf4 gxf4 23. Nc6 Kf6 24. Nb8
1-0

[Event "ROW -team internal "]
[Site "SchemingMind.com"]
[Date "2004.08.26"]
[Round "-"]
[White "reptile"]
[Black "pinochet"]
[Result "1-0"]
[WhiteCountry "ISR"]
[BlackCountry "CHI"]
[WhiteElo "1849"]
[WhiteRD "99"]
[BlackElo "1498"]
[BlackRD "77"]
[GameID "3492"]

1. d4 d5 2. c4 e6 3. Nc3 Nc6 4. Nf3 Nf6 5. cxd5 exd5 6. Bg5 Be7 7. h3 h6 8. Bh4 O-O 9. e3 Bb4 10. Rc1 Qe8
11. Bxf6 gxf6 12. Bd3 f5 13. O-O Bd7 14. Nxd5 Qc8 15. Nh4 Qd8 16. Nxf5 Bxf5 17. Nxb4 Bxd3 18. Nxd3 Ne7 19. Nc5 b6 20. Nd3 Nf5
21. Ne5 Qg5 22. Rxc7 Rac8 23. Rxc8 Rxc8 24. Qf3 Rf8 25. Rd1 Nh4 26. Qg4 f6 27. Qxg5+ hxg5 28. Nc6 a5 29. d5 Rf7 30. d6 Rd7
31. Nb8 Rd8 32. d7 Ng6 33. Nc6
1-0

[Event "ROW -team internal "]
[Site "SchemingMind.com"]
[Date "2004.08.25"]
[Round "-"]
[White "Juan Jose Rivas Maceda"]
[Black "pinochet"]
[Result "1-0"]
[WhiteCountry "PER"]
[BlackCountry "CHI"]
[WhiteElo "2068"]
[WhiteRD "102"]
[BlackElo "1498"]
[BlackRD "77"]
[GameID "3493"]

1. e4 e5 2. Nf3 Nc6 3. Bb5 d6 4. d4 Bd7 5. Nc3 a6 6. Bxc6 Bxc6 7. dxe5 dxe5 8. Qxd8+ Rxd8 9. Nxe5 Nf6 10. Nxc6 bxc6
11. Bg5 Be7 12. O-O O-O 13. e5 Nd5 14. Nxd5 Bxg5 15. Nxc7 Rd2 16. Nxa6 Rxc2 17. f4 Bh6 18. b3 Re2 19. Nb4 Rd8 20. Rad1 Rxd1
21. Rxd1 g6 22. Rd8+ Kg7 23. g3 c5 24. Nd5 Rxa2 25. Nf6 Bxf4 26. gxf4 Rb2 27. Rg8+ Kh6 28. Rh8 g5 29. Rxh7+ Kg6 30. fxg5 Kxg5
31. Rxf7 Rxb3 32. Ne4+ Kg6 33. Rf6+ Kg7 34. Nxc5 Rb5 35. Rc6 Rb4 36. e6 Rg4+ 37. Kf2 Kf8 38. Rc7 Ke8 39. Rh7 Rg5 40. Ne4 Rf5+
41. Kg3 Re5 42. Nf6+ Kf8 43. Rf7#
1-0

[Event "ROW -team internal "]
[Site "SchemingMind.com"]
[Date "2004.08.26"]
[Round "-"]
[White "wonko"]
[Black "pinochet"]
[Result "1-0"]
[WhiteCountry "FIN"]
[BlackCountry "CHI"]
[WhiteElo "1828"]
[WhiteRD "89"]
[BlackElo "1581"]
[BlackRD "79"]
[GameID "3513"]

1. d4 d5 2. Bf4 Nc6 3. Nf3 Nf6 4. e3 e6 5. Bb5 Bd7 6. O-O a6 7. Bd3 Be7 8. Nbd2 O-O 9. Ne5 Bd6 10. Nxd7 Qxd7
11. Bxd6 Qxd6 12. c4 Nb4 13. c5 Qe7 14. Be2 e5 15. Qb3 a5 16. a3 Na6 17. Rfe1 exd4 18. exd4 c6 19. Bxa6 bxa6 20. Rxe7
1-0

[Event "ROW -team internal "]
[Site "SchemingMind.com"]
[Date "2004.08.26"]
[Round "-"]
[White "wonko"]
[Black "spoke"]
[Result "1-0"]
[WhiteCountry "FIN"]
[BlackCountry "GER"]
[WhiteElo "1828"]
[WhiteRD "89"]
[BlackElo "1790"]
[BlackRD "74"]
[GameID "3514"]

1. d4 d5 2. c4 e6 3. cxd5 exd5 4. Nc3 Nc6 5. Nf3 Bf5 6. a3 Nf6 7. e3 a6 8. Be2 Be7 9. O-O Ne4 10. Qb3 Nxc3
11. Qxc3 O-O 12. b4 Na7 13. Ne5 Nb5 14. Qb3 c6 15. Bxb5 axb5 16. f3 Qc7 17. e4 dxe4 18. fxe4 Bxe4 19. Rxf7 Bd5 20. Rxg7+ Kxg7
21. Qg3+ Kh8 22. Ng6+ hxg6 23. Qxc7 Bxb4 24. Qe5+ Kh7 25. Qg5 Rf7 26. Bf4 Be7 27. Qh6+ Kg8 28. Be5 Bf6 29. Bxf6 Rxf6 30. Re1 Raf8=
31. h3 Rf2 32. Qxg6+ Kh8 33. Qh5+ Kg7 34. Qg4+ Kh6 35. Qh4+ Kg6 36. Qxf2 Rxf2 37. Kxf2 b6 38. g4
1-0

[Event "ROW -team internal "]
[Site "SchemingMind.com"]
[Date "2004.08.26"]
[Round "-"]
[White "wonko"]
[Black "reptile"]
[Result "0-1"]
[WhiteCountry "FIN"]
[BlackCountry "ISR"]
[WhiteElo "1842"]
[WhiteRD "86"]
[BlackElo "1836"]
[BlackRD "89"]
[GameID "3515"]

1. d4 Nf6 2. c4 e6 3. Nc3 Bb4 4. Nf3 O-O 5. e3 d5 6. a3 Bxc3+ 7. bxc3 c5 8. Bd3 Nc6 9. O-O dxc4 10. Bxc4 Qc7
11. Bd3 b6 12. e4 cxd4 13. cxd4 h6 14. Bb2 Bb7 15. Qd2 Rfe8 16. Rfe1 Rad8 17. Rac1 Qd7 18. Bb5 a6 19. Bxc6 Bxc6 20. Ne5 Nxe4
21. Nxd7 Nxd2 22. Nxb6 Bd5 23. Nxd5 Rxd5 24. Re3 Rb8 25. Ba1 Rdb5 26. Bc3 Nb1 27. h3 Nxa3 28. Be1 Rb3 29. Rc6 Rb1
0-1

[Event "ROW -team internal "]
[Site "SchemingMind.com"]
[Date "2004.08.26"]
[Round "-"]
[White "wonko"]
[Black "Juan Jose Rivas Maceda"]
[Result "0-1"]
[WhiteCountry "FIN"]
[BlackCountry "PER"]
[WhiteElo "1846"]
[WhiteRD "89"]
[BlackElo "2068"]
[BlackRD "102"]
[GameID "3516"]

1. d4 Nf6 2. c4 d5 3. e3 e6 4. Nc3 c6 5. Nf3 Nbd7 6. c5 Qc7 7. Be2 b6 8. b4 a5 9. Qa4 Bb7 10. bxa5 bxc5
11. Rb1 Ba6 12. Bxa6 Rxa6 13. O-O Bd6 14. Ba3 Qxa5 15. Bxc5 Bxh2+ 16. Nxh2 Qxa4 17. Nxa4 Rxa4 18. Rb2 Ne4 19. Bb4 Kd8 20. Rc1 Kc7
21. Nf3 f6 22. a3 Nb6 23. Rb3 Nc4 24. Rc2 Rha8 25. Ra2 Rb8 26. Rc2 Nxa3 27. Ra2 Rbxb4 28. Rxb4 Rxb4 29. Rxa3 Rb1+ 30. Kh2 Nxf2
31. Ra7+ Rb7 32. Ra8 Ng4+
0-1

[Event "ROW -team internal "]
[Site "SchemingMind.com"]
[Date "2004.08.26"]
[Round "-"]
[White "pinochet"]
[Black "wonko"]
[Result "0-1"]
[WhiteCountry "CHI"]
[BlackCountry "FIN"]
[WhiteElo "1498"]
[WhiteRD "77"]
[BlackElo "1846"]
[BlackRD "89"]
[GameID "3518"]

1. d4 Nf6 2. Nf3 g6 3. Nc3 Bg7 4. e4 O-O 5. e5 Ne8 6. Be2 d6 7. Ng5 dxe5 8. dxe5 Bxe5 9. O-O Nd6 10. Qd5 Nc6
11. Nge4 Bf5 12. Nxd6 Qxd6 13. Bd3 Bxd3 14. cxd3 Bxh2+ 15. Kh1 Qxd5 16. Nxd5 Be5 17. Bh6 Rfd8 18. d4 Bxd4 19. Nxc7 Rac8 20. Nb5 Bxb2
21. Rab1 Bg7 22. Bxg7 Kxg7 23. Rfd1 a6 24. Nc3 b5 25. Rxd8 Rxd8 26. Ne4 b4 27. Rc1 Nd4 28. Rc7 Nb5 29. Rxe7 Rd1+ 30. Kh2 Ra1
31. Ng5 Kf6 32. Rb7 Kxg5 33. Rxf7 Rxa2 34. Rxh7 Rxf2 35. Rd7 b3
0-1

[Event "ROW -team internal "]
[Site "SchemingMind.com"]
[Date "2004.08.26"]
[Round "-"]
[White "spoke"]
[Black "wonko"]
[Result "1-0"]
[WhiteCountry "GER"]
[BlackCountry "FIN"]
[WhiteElo "1790"]
[WhiteRD "74"]
[BlackElo "1828"]
[BlackRD "89"]
[GameID "3519"]

1. d4 d5 2. c4 e6 3. Nc3 Bb4 4. Bd2 Nc6 5. e3 Nf6 6. cxd5 exd5 7. Bb5 Bd7 8. Nge2 a6 9. Ba4 b5 10. Bb3 Bf5
11. a3 Be7 12. Nf4 Be6 13. Qc2 b4 14. Ncxd5 Nxd5 15. Qxc6+ Bd7 16. Qxd5 O-O 17. O-O c6 18. Qc4 c5 19. a4 a5 20. dxc5 Bc6
21. Rad1 Qd7 22. Bc2 Qb7 23. e4 Rad8 24. Nd5 Bxd5 25. exd5 Qxd5 26. Qxd5 Rxd5 27. Be3 Re5 28. c6 Rc8 29. c7
1-0

[Event "ROW -team internal "]
[Site "SchemingMind.com"]
[Date "2004.08.27"]
[Round "-"]
[White "reptile"]
[Black "wonko"]
[Result "1-0"]
[WhiteCountry "ISR"]
[BlackCountry "FIN"]
[WhiteElo "1836"]
[WhiteRD "89"]
[BlackElo "1842"]
[BlackRD "86"]
[GameID "3520"]

1. d4 d5 2. c4 e6 3. Nc3 Nf6 4. Nf3 Bb4 5. e3 O-O 6. Bd3 e5 7. Nxe5 dxc4 8. Bxc4 Nd5 9. Bd2 Be6 10. Nxd5 Bxd2+
11. Qxd2 Bxd5 12. O-O Nc6 13. Bxd5 Qxd5 14. Nxc6 Qxc6 15. Rac1 Qd6 16. Rfd1 Rfd8 17. Qc2 c6 18. Qc5 Qe6 19. a4 Rd5 20. Qc4 Rad8
21. b4 Qg4 22. Qf1 a5 23. bxa5 Rxa5 24. Rb1 Rd7 25. Rb4 c5 26. Rc4 cxd4 27. Rc8+ Rd8 28. Rxd8#
1-0

[Event "ROW -team internal "]
[Site "SchemingMind.com"]
[Date "2004.08.26"]
[Round "-"]
[White "Juan Jose Rivas Maceda"]
[Black "wonko"]
[Result "1-0"]
[WhiteCountry "PER"]
[BlackCountry "FIN"]
[WhiteElo "2049"]
[WhiteRD "113"]
[BlackElo "1828"]
[BlackRD "89"]
[GameID "3521"]

1. e4 c5 2. Nf3 Nc6 3. c4 Nf6 4. Nc3 e6 5. e5 Ng4 6. d4 d6 7. dxc5 dxc5 8. Qxd8+ Nxd8 9. h3 Nh6 10. Bxh6 gxh6
11. Nb5 Kd7 12. Rd1+ Kc6 13. Rxd8 Bg7 14. Rd6#
1-0

[Event "ROW -team internal "]
[Site "SchemingMind.com"]
[Date "2004.08.29"]
[Round "-"]
[White "karelen"]
[Black "pinochet"]
[Result "1-0"]
[WhiteCountry "SWE"]
[BlackCountry "CHI"]
[WhiteElo "2049"]
[WhiteRD "109"]
[BlackElo "1498"]
[BlackRD "77"]
[GameID "3570"]

1. d4 d5 2. c4 Nf6 3. Nc3 e6 4. Nf3 Nc6 5. Bg5 Be7 6. e3 dxc4 7. Bxc4 O-O 8. O-O h6 9. Bh4 Qd6 10. a3 Qd8
11. Qc2 Na5 12. Bd3 g5 13. Bg3 Bd6 14. Ne5 b6 15. b4 Nb7 16. f4 c5 17. fxg5 cxd4 18. Rxf6 hxg5 19. Bh7+ Kh8 20. Rxf7
1-0

[Event "ROW -team internal "]
[Site "SchemingMind.com"]
[Date "2004.08.29"]
[Round "-"]
[White "karelen"]
[Black "wonko"]
[Result "1-0"]
[WhiteCountry "SWE"]
[BlackCountry "FIN"]
[WhiteElo "2153"]
[WhiteRD "105"]
[BlackElo "1813"]
[BlackRD "87"]
[GameID "3571"]

1. d4 Nf6 2. c4 g6 3. Nc3 Bg7 4. e4 d6 5. Nf3 Nbd7 6. Be2 O-O 7. Be3 e5 8. O-O Ng4 9. Bg5 Bf6 10. Bxf6 Ndxf6
11. h3 exd4 12. Nxd4 Ne5 13. f4 Nc6 14. Bf3 Qe7 15. g4 h6 16. a3 Bd7 17. b4 Rfe8 18. Re1 a5 19. b5 Nxd4 20. Qxd4 c5
21. Qd3 Rad8 22. Rad1 Bc8 23. b6 g5 24. fxg5 hxg5 25. e5 dxe5 26. Qe3 Nd7 27. Nd5 Qf8 28. Qxg5+ Kh8 29. Be4 Re6 30. Rf1 Rde8
31. Nc7 Qg7 32. Nxe6 Rxe6 33. Qd8+ Qg8 34. Rxd7 Bxd7 35. Qxd7 Kg7 36. Qxb7 Re8 37. Qc6 Re6 38. Qc7 Qf8 39. b7 Re7 40. b8=Q
1-0

[Event "ROW -team internal "]
[Site "SchemingMind.com"]
[Date "2004.08.29"]
[Round "-"]
[White "karelen"]
[Black "spoke"]
[Result "1-0"]
[WhiteCountry "SWE"]
[BlackCountry "GER"]
[WhiteElo "2049"]
[WhiteRD "109"]
[BlackElo "1716"]
[BlackRD "70"]
[GameID "3572"]

1. d4 d5 2. c4 e6 3. Nc3 Nf6 4. Nf3 Be7 5. Bg5 h6 6. Bh4 c6 7. e3 O-O 8. Rc1 b6 9. cxd5 cxd5 10. Bd3 Ba6
11. Bxa6 Nxa6 12. O-O Nc7 13. Ne5 Qd6 14. Bg3 Qd8 15. Nc6 Qd7 16. Nxe7+ Qxe7 17. Bxc7 Qxc7 18. Nxd5 Qd6 19. Nxf6+ gxf6 20. Qf3 f5
21. Rc6 Qd7 22. Rfc1 Rac8 23. Rc7 Rxc7 24. Qg3+ Kh7 25. Qxc7 Qxc7 26. Rxc7 Kg6 27. Rxa7 Rc8 28. g3
1-0

[Event "ROW -team internal "]
[Site "SchemingMind.com"]
[Date "2004.08.29"]
[Round "-"]
[White "karelen"]
[Black "reptile"]
[Result "1-0"]
[WhiteCountry "SWE"]
[BlackCountry "ISR"]
[WhiteElo "2119"]
[WhiteRD "102"]
[BlackElo "1836"]
[BlackRD "89"]
[GameID "3573"]

1. d4 Nf6 2. c4 e6 3. Nf3 d5 4. Nc3 c5 5. e3 Nc6 6. cxd5 Nxd5 7. Bc4 cxd4 8. exd4 Bb4 9. Qd3 h6 10. O-O Nce7
11. Nxd5 Nxd5 12. Bb5+ Bd7 13. Ne5 Nb6 14. Nxd7 Nxd7 15. Qg3 Qf6 16. Bxd7+ Kxd7 17. Qb3 a5 18. a3 Bd6 19. Qxb7+ Bc7 20. d5 e5
21. Qb5+ Ke7 22. Be3 Rhb8 23. Qc4 Qd6 24. Bc5
1-0

[Event "ROW -team internal "]
[Site "SchemingMind.com"]
[Date "2004.08.29"]
[Round "-"]
[White "karelen"]
[Black "Juan Jose Rivas Maceda"]
[Result "1-0"]
[WhiteCountry "SWE"]
[BlackCountry "PER"]
[WhiteElo "2119"]
[WhiteRD "102"]
[BlackElo "2030"]
[BlackRD "98"]
[GameID "3574"]

1. d4 Nf6 2. c4 g6 3. Nc3 d5 4. cxd5 Nxd5 5. e4 Nxc3 6. bxc3 c5 7. Nf3 Bg7 8. Rb1 cxd4 9. cxd4 O-O 10. Be2 Nc6
11. d5 Ne5 12. Nxe5 Bxe5 13. O-O Qd6 14. f4 Qc5+ 15. Kh1 Bg7 16. Qb3 Qc7 17. Ba3 a5 18. e5 a4 19. Qb4 Re8 20. Rbc1
1-0

[Event "ROW -team internal "]
[Site "SchemingMind.com"]
[Date "2004.08.31"]
[Round "-"]
[White "pinochet"]
[Black "karelen"]
[Result "0-1"]
[WhiteCountry "CHI"]
[BlackCountry "SWE"]
[WhiteElo "1467"]
[WhiteRD "77"]
[BlackElo "2119"]
[BlackRD "102"]
[GameID "3576"]

1. d4 d5 2. Nc3 Nf6 3. e3 c6 4. Nf3 g6 5. Bd3 Bg7 6. O-O Bg4 7. b3 Nbd7 8. h3 Bxf3 9. Qxf3 e5 10. Be2 Nh5
11. g4 Nhf6 12. dxe5 Nxe5 13. Qf4 O-O 14. Qxe5 Ne4 15. Qh2 Bxc3 16. Rb1 Qh4 17. Ba3 Rfe8 18. Bd3 Nd2 19. Qg2 Nxb1 20. Rxb1 Qd8
21. g5 Qa5 22. Bd6 Re6 23. Qg3 Qxa2 24. Rd1 Qb2 25. Qh4 Rxd6 26. Kg2 f5 27. Re1 Bxe1
0-1

[Event "ROW -team internal "]
[Site "SchemingMind.com"]
[Date "2004.08.30"]
[Round "-"]
[White "wonko"]
[Black "karelen"]
[Result "1-0"]
[WhiteCountry "FIN"]
[BlackCountry "SWE"]
[WhiteElo "1884"]
[WhiteRD "80"]
[BlackElo "1927"]
[BlackRD "94"]
[GameID "3577"]

1. d4 Nf6 2. c4 g6 3. Nc3 Bg7 4. e4 d6 5. f4 O-O 6. Nf3 c5 7. d5 e6 8. Bd3 exd5 9. e5 dxe5 10. fxe5 Ng4
11. Bg5 Qa5 12. O-O dxc4 13. Bxc4 Nc6 14. Qb3 Ncxe5 15. Nxe5 Nxe5 16. Bd5 c4 17. Qb5 Qxb5 18. Nxb5 Bd7 19. Nd6 Bc6 20. Bxc6 Nxc6
21. Bf6 Bxf6 22. Rxf6 Ne5 23. Raf1 a6 24. Ne4 b5 25. Rb6 Nd3 26. b3 f5 27. Nf6+ Kg7 28. Nd5 Rfb8 29. bxc4 Rxb6 30. Nxb6 Rb8
31. Rd1 Rxb6 32. Rxd3 bxc4 33. Rd7+ Kf6 34. Rc7 Rb4 35. Rxh7 Ke5 36. Rc7 Kd4 37. a3 Rb3 38. Kf1 c3 39. Ke2 Rb2+ 40. Kd1 Rxg2
41. Rc6 Rxh2 42. Rxg6 f4 43. Rf6 Kd3 44. Rd6+ Kc4 45. Rc6+
1-0

[Event "ROW -team internal "]
[Site "SchemingMind.com"]
[Date "2004.08.30"]
[Round "-"]
[White "spoke"]
[Black "karelen"]
[Result "0-1"]
[WhiteCountry "GER"]
[BlackCountry "SWE"]
[WhiteElo "1716"]
[WhiteRD "70"]
[BlackElo "2049"]
[BlackRD "109"]
[GameID "3578"]

1. e4 Nf6 2. Nc3 d5 3. e5 Nfd7 4. Nf3 e6 5. d4 c5 6. Bb5 Nc6 7. Bxc6 bxc6 8. O-O Ba6 9. Re1 Be7 10. dxc5 Bxc5
11. Be3 Bb6 12. Bxb6 axb6 13. Nd4 c5 14. Nf3 O-O 15. Ne2 d4 16. Nf4 Bb7 17. a3 Qc7 18. c3 dxc3 19. bxc3 Bxf3 20. Qxf3 Nxe5
21. Qh3 Rfd8 22. Nxe6 fxe6 23. Qxe6+ Nf7 24. Re2 Qd6
0-1